000
00308nam a2200121Ia 4500
008
191201s2017 xx 000 0 und d
100
_a
GARG,B.K.
245
0
_a
Bhartiya Sahiya Parmuk Dishyan
260
_a
N. delhi
_b
Haryana Granth Academi
_c
2017
300
_a
214
650
_a
General Books
942
_2
ddc
_c
BK
999
_c
6731
_d
6731